1884 1163 1027 1388 1394 1164 1894 1217 1976 1724 1639 1599 1378 1614 1436 1934 1361 1238 1098 1331 1958 1791 1400 1668 1281 1341 1554 1540 1593 1361 1178 1350 1391 1928 1215 1982 1755 1024 1780 1529 1084 1981 1812 1571 1675 1434 1226 1392 1373 1106 1578 1762 1860 1487 1479 1701 1887 1202 1202 1103 1704 1730 1322 1547 1442 1284 1741 1352 1834 1241 1855 1877 1623 1440 1851 1702 1081 1484 1554 1099 1685 1015 1430 1026 1207 1576 1209 1805 1530 1658 1789 1936 1793 1274 1451 1343 1758 1561 1727 BCNSPRNW ULIB Ver.6.0+V

เปลี่ยนเป็นภาษาไทย

Change to English
 แสดงรายละเอียดบรรณานุกรม
  กลับหน้าหลัก

Brief Record : Get Marc (ISO 2709) : E-mail record : QR code < ปิดหน้าต่าง
LEADER : 00000nam 2200000uu 4500
001    13399111862
003     ULIB
008    110627s2551||||th 000 0 tha d
020    9789741078257
090    นว.^bณ311ม 2551
100 0  ณัฏฐรัศมิ์
245 00 มายาสิเน่หา/^cณัฏฐรัศมิ์
250    พิมพ์ครั้งที่ 1
260    กรุงเทพฯ :^bทูบีเลิฟ,^c2551
300    436 หน้า
945    ^p350^l0^i023589
995    ทศพร
999 ^a ใช้งานได้ทุกระบบ
รายการนี้ยังไม่มีแท็ก
คุณยังไม่ได้ล็อกอิน คุณสามารถมีกิจกรรมร่วมกับเว็บไซต์ได้ แต่ต้องล็อกอินก่อน ::
  ล็อกอิน

รายการสื่อสารสนเทศ

ลำดับที่ ประเภท เลขเรียก/บาร์โค้ด สถานที่ สถานะ
1. นวนิยาย
นวนิยาย
นว. ณ311ม 2551 ฉ.1 
  Barcode: 023589
ห้องสมุดวิทยาเขตสวรรค์ประชารักษ์
►นวนิยาย
บนชั้น
  ขอยืม

BibComment


ยังไม่เคยถูกคอมเมนท์

คอมเมนท์ทรัพยากรรายการนี้
  คอมเมนท์: มายาสิเน่หา ณัฏฐร..


 Copyright 2026. Bcnsprnw @Library